[Event "Oberfranken-ch"]
[Site "Schney"]
[Date "2016.01.05"]
[Round "6"]
[White "Lojak, Benjamin"]
[Black "Stephan, Thanh Hai"]
[Result "1-0"]
[WhiteElo "1297"]
[BlackElo "989"]
[PlyCount "75"]
[EventDate "2016.01.03"]
[EventType "swiss"]
[EventRounds "7"]
[EventCountry "GER"]
[SourceTitle "CBM 170 Extra"]
[Source "ChessBase"]
[SourceDate "2016.02.25"]
[SourceVersion "1"]
[SourceVersionDate "2016.02.25"]
[SourceQuality "1"]

1. d4 d5 2. c4 e6 3. Nf3 Nf6 4. g3 c5 5. dxc5 Bxc5 6. cxd5 exd5 7. Bg2 Nc6 8. 0-0 0-0 9. e3 Qb6 10. Nc3 Rd8 11. Na4 Qb5 12. Nxc5 Qxc5 13. a3 d4 14. b4 Qc3 15. Bd2 Qd3 16. Qc1 Bg4 17. Nxd4 Nxd4 18. exd4 Rac8 19. Qe1 Be2 20. Be3 Bxf1 21. Bxf1 Qf5 22. Rd1 Rc2 23. Bd3 Ra2 24. Bxf5 Rxa3 25. Bg5 Rd5 26. Bxf6 gxf6 27. Bxh7+ Kg7 28. Be4 Rb5 29. d5 a5 30. bxa5 Raxa5 31. Qe2 Rc5 32. d6 b5 33. d7 Ra8 34. Bxa8 b4 35. d8Q Rb5 36. Qg4+ Kh7 37. Qdg8+ Kh6 38. Qh8# 1-0